BIBLIOTHÈQUE DE LA MAISON DU MEXIQUE

Logo 1 Logo 2

La dinámica mundial del siglo XXI (notice nᵒ 5339)

détails MARC
000 -Sello discográfico
campo de control de longitud fija 01001nam0a2200289 4500
005 - Identificación de versión
campo de control 20251016084447.0
010 ## - Número Estándar Internacional de Libros (ISBN)
Número (ISBN) 970-9929-02-X
035 ## - Otros números de control del sistema
Número de control del sistema 16164
099 ## - fechas locales
Tipo de ítem Koha LIBRO
100 ## - Datos de procesamiento general
Datos de procesamiento general 20111109d2006 m y0spay5003 ba
105 ## - Campo de datos codificados: Material textual, monográfico
Datos codificados de monografía a 001zy
200 1# - Título y mención de responsabilidad
Título propio La dinámica mundial del siglo XXI
Designación general del material texto impreso
Otra información del título revoluciones, procesos, agentes y transformaciones : una nueva perspectiva de estudio
Primer mención de responsabilidad Coordinación Graciela Arroyo Pichardo
205 ## - Declaración de edición
Declaración de edición 1a ed
210 ## - Publicación, distribución, etc.
Lugar de publicación, distribución, etc. México
Nombre del editor, distribuidor, etc. Grupo Editorial Cenzontle
Fecha de publicación, distribución, etc. 2006
215 ## - Descripción física
Designación de material específico y extensión del ítem 341 p
Otras características físicas il.
Dimensiones 23 cm
345 ## - Nota de información de adquisición
Fuente de adquisición/dirección de la suscripción [OBSOLETO] Donación de Graciela Arroyo Pichardo
410 #1 - Series
Título Colección Leyendo al mundo
606 ## - Término temático usado como materia
Elemento de entrada Historia moderna
Subdivisión temática Siglo XXI
Número Koha 10608
606 ## - Término temático usado como materia
Elemento de entrada Historia universal
Subdivisión cronológica Siglo XXI
Número Koha 10613
702 ## - Nombre personal - Responsabilidad secundaria
Elemento de entrada Arroyo Pichardo
Parte del nombre distinta del elemento de entrada Graciela
Número Koha 10612
801 #0 - Fuente de origen
País FR
Agencia cm
Reglas de catalogación (convenciones descriptivas) AFNOR
900 ## -
-- 1/20802
942 ## - ELEMENTOS DE ENTRADA SECUNDARIOS (KOHA)
Tipo de ítem Koha Livre
996 ## -
-- MEX
-- 751145101
-- MMAG
-- 000720
-- 909.83 D583
-- 20111109LIV
Exemplaires
Estatus retirado Estado de daño Estado de pérdida Fecha de adquisición Biblioteca de origen Biblioteca actual Ubicación en estantería Código de barras Precio de reemplazo Signatura topográfica completa No para préstamo Tipo de ítem Koha Nota pública Nota no pública
      05/08/2025 Casa México Paris Casa México Paris   000720 05/08/2025 909.83 D583   Livre 20111109LIV 751145101